00822nam a2200217Ia 4500003000900000008004100009040001300050040001300063041000800076245005200084250001300136260002200149260001000171300001000181490000600191600013600197710003700333942000700370999001700377952021000394IT-RoPAU120407s9999 xx 000 0 und d aIT-RoPAU cIT-RoPAU aita aSupplemento a: Camminiamo in Novità di vita.  aAriccia  aEdizioni Paoline  c1979  c33 cm v1 a" N° 2 (Gennaio 1979) - 1-42 N° 4( Marzo 1979) - 1-19 N° 5 (Aprile 1979 )- 1-24 N° 6 (Maggio1979)- 1-24 " aCentro di spiritualità paolina cBK c23665d23665 00102ddc406SPFP__1115_00000000000000071aPAULUSbPAULUSd2012-04-11l0oSpFP.1115r2012-04-11 00:00:00w2012-04-11yBKzInserito da: Sergio In data: 27 settembre 2011 fondo: Via A.Severo 56 Progr:34320